[Event "Nova Gorica op 28th"]
[Site "Nova Gorica"]
[Date "2024.01.30"]
[Round "6"]
[White "Gergolet, Jan"]
[Black "Markocic, Tine"]
[Result "1/2-1/2"]
[WhiteElo "1632"]
[BlackElo "2055"]
[PlyCount "43"]
[EventDate "2024.01.26"]
[EventType "swiss"]
[EventRounds "9"]
[EventCountry "SLO"]
[SourceTitle "CB06_2024"]
[SourceDate "2024.02.07"]
[SourceVersion "1"]
[SourceVersionDate "2024.02.07"]
[SourceQuality "1"]

1. e4 c5 2. Nf3 e6 3. d4 cxd4 4. Nxd4 a6 5. Bd3 Nf6 6. Qe2 d6 7. c4 Qc7 8. 0-0 g6 9. Nc3 Bg7 10. Be3 0-0 11. Rfd1 Nbd7 12. Rac1 b6 13. f3 Bb7 14. b3 Rac8 15. Qd2 Qb8 16. Bf1 Rfd8 17. Bg5 Bf8 18. Nc2 Be7 19. Kh1 Bc6 20. Nb4 Bb7 21. Nc2 Bc6 22. Qf4 1/2-1/2

[Event "Nova Gorica op 28th"]
[Site "Nova Gorica"]
[Date "2024.01.27"]
[Round "2"]
[White "Novak, Rok"]
[Black "Markocic, Tine"]
[Result "0-1"]
[WhiteElo "1777"]
[BlackElo "2055"]
[PlyCount "112"]
[EventDate "2024.01.26"]
[EventType "swiss"]
[EventRounds "9"]
[EventCountry "SLO"]
[SourceTitle "CB06_2024"]
[SourceDate "2024.02.07"]
[SourceVersion "1"]
[SourceVersionDate "2024.02.07"]
[SourceQuality "1"]

1. e4 c5 2. Nf3 e6 3. d4 cxd4 4. Nxd4 a6 5. c4 Nf6 6. Nc3 Bb4 7. Qd3 d5 8. exd5 exd5 9. Be2 Nc6 10. Nxc6 bxc6 11. 0-0 Be6 12. Rd1 0-0 13. Bg5 Be7 14. cxd5 Nxd5 15. Bxe7 Qxe7 16. Bf3 Rfd8 17. a3 Nb6 18. Qe2 Nc4 19. Bxc6 Rxd1+ 20. Rxd1 Rb8 21. Nd5 Qh4 22. g3 Rxb2 23. Qxe6 fxe6 24. gxh4 Ne5 25. Nb4 Rb3 26. Rd6 Ng6 27. Rxe6 Rb1+ 28. Kg2 Nf4+ 29. Kg3 Nxe6 30. Bd5 Kf7 31. Nxa6 Rc1 32. a4 Kf6 33. Nb4 Rc3+ 34. f3 Ra3 35. Bc6 Nd4 36. Bd7 Nxf3 37. Kf4 Nxh4 38. Nd5+ Kf7 39. Ke5 Nf3+ 40. Kd6 Nxh2 41. Be6+ Kf8 42. Nb6 g5 43. Kc5 g4 44. Kb4 g3 45. Bd5 Ra2 46. a5 g2 47. Bxg2 Rxg2 48. a6 Rg7 49. Kb5 Nf3 50. Nd5 Rd7 51. Nf6 Rf7 52. Nxh7+ Rxh7 53. Kb6 Ne5 54. a7 Nc4+ 55. Ka6 Rh6+ 56. Kb7 Nb6 0-1

[Event "Nova Gorica op 28th"]
[Site "Nova Gorica"]
[Date "2024.01.26"]
[Round "1"]
[White "Markocic, Tine"]
[Black "Furlan, Miha"]
[Result "0-1"]
[WhiteElo "2055"]
[BlackElo "2287"]
[PlyCount "90"]
[EventDate "2024.01.26"]
[EventType "swiss"]
[EventRounds "9"]
[EventCountry "SLO"]
[SourceTitle "CB06_2024"]
[SourceDate "2024.02.07"]
[SourceVersion "1"]
[SourceVersionDate "2024.02.07"]
[SourceQuality "1"]

1. e4 e6 2. d4 d5 3. Nc3 Bb4 4. e5 c5 5. a3 Bxc3+ 6. bxc3 Ne7 7. Nf3 b6 8. Bb5+ Bd7 9. a4 Bxb5 10. axb5 Qd7 11. dxc5 bxc5 12. c4 dxc4 13. b6 Qb7 14. Qd6 Nd7 15. Rxa7 Rxa7 16. bxa7 Qxa7 17. 0-0 Qb6 18. Nd2 Qxd6 19. exd6 c3 20. Nc4 Nf5 21. Be3 0-0 22. Rd1 Ra8 23. g4 Nxe3 24. Nxe3 Ra6 25. Rd3 f6 26. Nc4 e5 27. Rxc3 Kf7 28. Rd3 Ra4 29. Ne3 Rd4 30. f3 Rxd3 31. cxd3 Nb6 32. Nf5 g6 33. Ng3 Ke6 34. Ne4 Nd7 35. Kf2 h6 36. h4 f5 37. Ng3 Nf6 38. gxf5+ gxf5 39. f4 exf4 40. Ne2 Nd5 41. Ng1 Kxd6 42. Nf3 Nb4 43. Ke2 Nc6 44. Kd2 Nd4 45. Ne1 f3 0-1

[Event "SLO-chT3 West"]
[Site "Komenda"]
[Date "2022.12.10"]
[Round "2.2"]
[White "Markocic, Tine"]
[Black "Stanic, Simon"]
[Result "1-0"]
[WhiteElo "2035"]
[BlackElo "1972"]
[PlyCount "103"]
[EventDate "2022.12.09"]
[EventType "team-swiss"]
[EventRounds "5"]
[EventCountry "SLO"]
[SourceTitle "EXT 2024"]
[Source "ChessBase"]
[SourceDate "2023.10.10"]
[SourceVersion "1"]
[SourceVersionDate "2023.10.10"]
[SourceQuality "1"]
[WhiteTeam "Nova Gorica"]
[BlackTeam "Loska Dolina"]
[WhiteTeamCountry "SLO"]
[BlackTeamCountry "SLO"]

1. e4 e5 2. Bc4 Nf6 3. d3 Nc6 4. Nc3 d6 5. f4 Na5 6. Bb3 Nxb3 7. axb3 Be7 8. Nf3 exf4 9. Bxf4 Nh5 10. Be3 0-0 11. 0-0 a6 12. Nd5 Be6 13. Nxe7+ Qxe7 14. Nd4 g6 15. Bh6 Ng7 16. Qf3 c5 17. Bxg7 Kxg7 18. Nf5+ Bxf5 19. exf5 f6 20. Rae1 Qd7 21. Re6 g5 22. Rfe1 Rae8 23. Rxe8 Rxe8 24. Rxe8 Qxe8 25. Qxb7+ Kh6 26. Qe4 Qd7 27. Qd5 g4 28. Kf2 Kg5 29. Qe6 Qc7 30. g3 Qb7 31. Qe4 Qd7 32. Qf4+ Kh5 33. h3 Qg7 34. Ke3 Qg5 35. h4 Qg8 36. Qxd6 Qe8+ 37. Qe6 Qd8 38. c3 a5 39. d4 cxd4+ 40. cxd4 Kh6 41. d5 Kg7 42. d6 Qb6+ 43. Kd3 Qb5+ 44. Kc2 a4 45. d7 axb3+ 46. Kc3 Qc5+ 47. Kxb3 Qb5+ 48. Kc3 Qc5+ 49. Kd3 Qb5+ 50. Ke4 Qb7+ 51. Qd5 Qb4+ 52. Kd3 1-0

[Event "Nova Gorica op-A 26th"]
[Site "Nova Gorica"]
[Date "2022.09.17"]
[Round "3"]
[White "Stevanic, David"]
[Black "Markocic, Tine"]
[Result "1/2-1/2"]
[WhiteElo "2261"]
[BlackElo "2034"]
[PlyCount "125"]
[EventDate "2022.09.16"]
[EventType "swiss"]
[EventRounds "9"]
[EventCountry "SLO"]
[SourceTitle "CBM 210 Extra"]
[Source "ChessBase"]
[SourceDate "2022.11.30"]
[SourceVersion "1"]
[SourceVersionDate "2022.11.30"]
[SourceQuality "1"]

1. e4 c5 2. c3 d5 3. exd5 Qxd5 4. d4 Nf6 5. Nf3 Bg4 6. dxc5 Qxc5 7. h3 Bxf3 8. Qxf3 Nc6 9. Na3 a6 10. Be3 Qd5 11. Be2 Ne5 12. Qf4 Nd3+ 13. Bxd3 Qxd3 14. Rd1 Qe4 15. 0-0 e6 16. Nc4 Qxf4 17. Bxf4 Rc8 18. Nd6+ Bxd6 19. Bxd6 Nd5 20. Rd4 Rc6 21. Ba3 b5 22. Re1 Kd8 23. Bb4 Kc8 24. Ba5 Kd7 25. b3 Rhc8 26. Ree4 Rd6 27. c4 Nf6 28. Rxd6+ Kxd6 29. Bb4+ Kc6 30. Rd4 Rc7 31. Bf8 g6 32. Bg7 Ne8 33. Be5 Rd7 34. Rxd7 Kxd7 35. cxb5 axb5 36. Kf1 b4 37. Ke2 Kc6 38. Kd3 Kd5 39. Bb2 e5 40. a3 e4+ 41. Ke3 bxa3 42. Bxa3 Nc7 43. Be7 f5 44. g3 Ke5 45. Bf8 g5 46. Bg7+ Kd5 47. f3 f4+ 48. gxf4 gxf4+ 49. Kxf4 Ne6+ 50. Ke3 Nxg7 51. fxe4+ Ke5 52. b4 Ne8 53. Kf3 Nf6 54. b5 Nxe4 55. b6 Nd6 56. Kg4 Kf6 57. Kh5 Kg7 58. Kg5 h6+ 59. Kh5 Kh7 60. Kg4 Kg6 61. Kf4 Kf6 62. Kg4 Kg6 63. Kf4 1/2-1/2

[Event "SLO-chT 31st"]
[Site "Ljubljana"]
[Date "2021.09.18"]
[Round "5.3"]
[White "Praznik, Anton"]
[Black "Markocic, Tine"]
[Result "1/2-1/2"]
[WhiteElo "2159"]
[BlackElo "2021"]
[PlyCount "87"]
[EventDate "2021.09.10"]
[EventType "team-tourn"]
[EventRounds "9"]
[EventCountry "SLO"]
[SourceTitle "CBM 204 Extra"]
[Source "ChessBase"]
[SourceDate "2021.11.30"]
[SourceVersion "1"]
[SourceVersionDate "2021.11.30"]
[SourceQuality "1"]
[WhiteTeam "Vrhnika"]
[BlackTeam "Nova Gorica CC"]
[WhiteTeamCountry "SLO"]
[BlackTeamCountry "SLO"]

1. e4 c5 2. Nf3 e6 3. d3 a6 4. a4 Nc6 5. g3 g6 6. Bg5 Qb6 7. Nbd2 Bg7 8. Nc4 Qc7 9. Bf4 e5 10. Be3 d6 11. Bg2 Nge7 12. 0-0 b6 13. Re1 0-0 14. Qd2 Bd7 15. c3 b5 16. axb5 axb5 17. Na3 Na5 18. Qd1 c4 19. d4 Nb3 20. Rb1 Bc6 21. dxe5 dxe5 22. Nd2 Rfd8 23. Qc2 Nxd2 24. Bxd2 Bf8 25. Qc1 Qb7 26. Nc2 Nf5 27. f3 Ng7 28. Be3 Ne6 29. Rd1 Nc5 30. Nb4 Nb3 31. Qc2 Bxb4 32. cxb4 Nd4 33. Qf2 Qe7 34. f4 Qxb4 35. Bxd4 exd4 36. Rxd4 Rxd4 37. Qxd4 Ra2 38. h4 h5 39. f5 Ra8 40. fxg6 fxg6 41. Qf6 Qc5+ 42. Kh2 Kh7 43. Rf1 Rg8 44. e5 1/2-1/2

[Event "SLO-chT1 West 29th"]
[Site "Slovenia"]
[Date "2019.09.28"]
[Round "5.2"]
[White "Markocic, Tine"]
[Black "Kralj, Samo"]
[Result "1-0"]
[WhiteElo "2011"]
[BlackElo "2005"]
[PlyCount "53"]
[EventDate "2019.09.20"]
[EventType "team-tourn"]
[EventRounds "9"]
[EventCountry "SLO"]
[SourceTitle "CBM 192 Extra"]
[Source "Chessbase"]
[SourceDate "2019.11.06"]
[SourceVersion "1"]
[SourceVersionDate "2019.11.06"]
[SourceQuality "1"]
[WhiteTeam "Nova Gorica"]
[BlackTeam "Komenda"]
[WhiteTeamCountry "SLO"]
[BlackTeamCountry "SLO"]

1. e4 c5 2. Nf3 g6 3. d4 cxd4 4. Nxd4 Nf6 5. Nc3 d6 6. Be3 Bg7 7. Be2 0-0 8. 0-0 Nbd7 9. f4 a6 10. a4 Qc7 11. Nd5 Nxd5 12. exd5 Nb6 13. c4 Bf5 14. Nxf5 gxf5 15. Rc1 Nd7 16. b3 Nc5 17. Rf3 Kh8 18. Bd4 e5 19. dxe6 fxe6 20. Bxg7+ Kxg7 21. Qd4+ Rf6 22. Rg3+ Kf7 23. Bh5+ Rg6 24. Bxg6+ hxg6 25. Rh3 e5 26. fxe5 dxe5 27. Rh7+ 1-0

[Event "SLO-chT 28th"]
[Site "Slovenia"]
[Date "2018.11.02"]
[Round "1.4"]
[White "Mohr, Georg"]
[Black "Markocic, Tine"]
[Result "1/2-1/2"]
[WhiteElo "2454"]
[BlackElo "2004"]
[PlyCount "51"]
[EventDate "2018.11.02"]
[EventType "team-tourn"]
[EventRounds "9"]
[EventCountry "SLO"]
[SourceTitle "CBM 187 Extra"]
[Source "ChessBase"]
[SourceDate "2018.11.04"]
[SourceVersion "1"]
[SourceVersionDate "2018.11.04"]
[SourceQuality "1"]
[WhiteTeam "Maribor"]
[BlackTeam "Nova Gorica"]
[WhiteTeamCountry "SLO"]
[BlackTeamCountry "SLO"]

1. Nf3 c5 2. c3 Nf6 3. d4 cxd4 4. cxd4 g6 5. Nc3 Bg7 6. e4 d6 7. h3 0-0 8. Be3 Qa5 9. Bd3 a6 10. 0-0 Nbd7 11. a4 e5 12. d5 Nc5 13. Bc2 Ne8 14. Rb1 Qd8 15. b4 Nd7 16. a5 f5 17. Ng5 f4 18. Ne6 Qh4 19. Nxf8 Nxf8 20. Bd2 Bxh3 21. gxh3 Qxh3 22. f3 Qg3+ 23. Kh1 Qh3+ 24. Kg1 Qg3+ 25. Kh1 Qh3+ 26. Kg1 1/2-1/2

[Event "SLO-chT U20"]
[Site "Murska Sobota"]
[Date "2017.08.27"]
[Round "3"]
[White "Markocic, Tine"]
[Black "Bajc, Aleksander"]
[Result "1/2-1/2"]
[WhiteElo "1980"]
[BlackElo "1787"]
[PlyCount "50"]
[EventDate "2017.08.26"]
[EventType "tourn"]
[EventRounds "7"]
[EventCountry "SLO"]
[SourceTitle "EXT 2022"]
[Source "ChessBase"]
[SourceDate "2021.10.06"]
[SourceVersion "1"]
[SourceVersionDate "2021.10.06"]
[SourceQuality "1"]

1. e4 c6 2. d4 d5 3. exd5 cxd5 4. Bd3 Nc6 5. c3 Qc7 6. h3 Nf6 7. Nf3 e6 8. 0-0 Bd6 9. Re1 h6 10. Qe2 Nd7 11. Nbd2 0-0 12. Nf1 e5 13. dxe5 Ncxe5 14. Bc2 b6 15. Ne3 Bb7 16. Nf5 Rfe8 17. Be3 Nxf3+ 18. Qxf3 Be5 19. Bxh6 g6 20. Qg4 Nf6 21. Qg5 Nh7 22. Qg4 Nf6 23. Qg5 Nh7 24. Qg4 Nf6 25. Qg5 Nh7 1/2-1/2

[Event "Portoroz op 11th"]
[Site "Portoroz"]
[Date "2017.07.29"]
[Round "9"]
[White "Markocic, Tine"]
[Black "Mohr, Pablo"]
[Result "1/2-1/2"]
[WhiteElo "1993"]
[BlackElo "1870"]
[PlyCount "26"]
[EventDate "2017.07.22"]
[EventType "swiss"]
[EventRounds "9"]
[EventCountry "SLO"]
[SourceTitle "EXT 2020"]
[Source "ChessBase"]
[SourceDate "2019.10.17"]
[SourceVersion "1"]
[SourceVersionDate "2019.10.17"]
[SourceQuality "1"]

1. e4 e6 2. d4 d5 3. Nc3 Nf6 4. Bg5 dxe4 5. Nxe4 Be7 6. Bxf6 Bxf6 7. Nf3 0-0 8. c3 Nd7 9. Bd3 e5 10. 0-0 exd4 11. Nxf6+ Nxf6 12. Nxd4 c5 13. Nf5 Qc7 1/2-1/2

[Event "Portoroz op 11th"]
[Site "Portoroz"]
[Date "2017.07.25"]
[Round "5"]
[White "Markocic, Tine"]
[Black "Lavorgna, Francesco"]
[Result "1-0"]
[WhiteElo "1993"]
[BlackElo "1785"]
[PlyCount "57"]
[EventDate "2017.07.22"]
[EventType "swiss"]
[EventRounds "9"]
[EventCountry "SLO"]
[SourceTitle "EXT 2018"]
[Source "ChessBase"]
[SourceDate "2017.10.13"]
[SourceVersion "1"]
[SourceVersionDate "2017.10.13"]
[SourceQuality "1"]

1. e4 c6 2. d4 d5 3. exd5 cxd5 4. Bd3 Nc6 5. c3 Qc7 6. h3 e6 7. Nf3 Bd6 8. 0-0 Nge7 9. Re1 f6 10. c4 0-0 11. Nc3 Nb4 12. c5 Bf4 13. Nb5 Qb8 14. Bxf4 Qxf4 15. Nd6 Nxd3 16. Qxd3 Bd7 17. Nxb7 Rab8 18. Nd6 Rxb2 19. Qa3 Rbb8 20. Qxa7 Rfd8 21. Rab1 Nc6 22. Rxb8 Nxb8 23. Rb1 Nc6 24. Qc7 e5 25. Nb7 Qf5 26. Nxd8 Qxb1+ 27. Kh2 Qb8 28. Qxd7 Nxd8 29. Qe8# 1-0

[Event "Nova Gorica op 22nd"]
[Site "Nova Gorica"]
[Date "2017.01.31"]
[Round "7"]
[White "Markocic, Tine"]
[Black "Unuk, Laura"]
[Result "0-1"]
[WhiteElo "1954"]
[BlackElo "2241"]
[PlyCount "46"]
[EventDate "2017.01.27"]
[EventType "swiss"]
[EventRounds "9"]
[EventCountry "SLO"]
[SourceTitle "CBM 176 Extra"]
[Source "ChessBase"]
[SourceDate "2017.03.02"]
[SourceVersion "1"]
[SourceVersionDate "2017.03.02"]
[SourceQuality "1"]

1. e4 e5 2. Nf3 Nc6 3. d4 exd4 4. Bc4 Nf6 5. e5 d5 6. Bb5 Ne4 7. Nxd4 Bc5 8. 0-0 0-0 9. Bxc6 bxc6 10. f3 f6 11. exf6 Qxf6 12. Be3 Nd6 13. Bf2 Ba6 14. Re1 Rae8 15. c3 Rxe1+ 16. Qxe1 Re8 17. Qc1 Nc4 18. Qf1 Qg6 19. g3 Bc8 20. b3 Ne3 21. Bxe3 Rxe3 22. Qf2 Qd3 23. Qf1 Bxd4 0-1

[Event "Nova Gorica op 22nd"]
[Site "Nova Gorica"]
[Date "2017.01.29"]
[Round "4"]
[White "Cirkvencic, Franci"]
[Black "Markocic, Tine"]
[Result "1/2-1/2"]
[WhiteElo "2073"]
[BlackElo "1954"]
[PlyCount "50"]
[EventDate "2017.01.27"]
[EventType "swiss"]
[EventRounds "9"]
[EventCountry "SLO"]
[SourceTitle "CBM 176 Extra"]
[Source "ChessBase"]
[SourceDate "2017.03.02"]
[SourceVersion "1"]
[SourceVersionDate "2017.03.02"]
[SourceQuality "1"]

1. d4 Nf6 2. Nf3 e6 3. g3 b6 4. Bg2 Bb7 5. 0-0 c5 6. c4 cxd4 7. Nxd4 Bxg2 8. Kxg2 Qc7 9. b3 a6 10. Bb2 Be7 11. Nc3 0-0 12. e4 Nc6 13. f3 Rfd8 14. Nxc6 dxc6 15. Qe2 Nd7 16. Rad1 c5 17. f4 Nf8 18. Rxd8 Rxd8 19. Rd1 Rd7 20. Rxd7 Qxd7 21. Qd1 g6 22. Qxd7 Nxd7 23. Kf3 f5 24. g4 Bf6 25. e5 Be7 1/2-1/2

[Event "SLO-chT1 West"]
[Site "Slovenia"]
[Date "2016.12.11"]
[Round "9"]
[White "Petek, Primoz"]
[Black "Markocic, Tine"]
[Result "1-0"]
[WhiteElo "2098"]
[BlackElo "2061"]
[PlyCount "65"]
[EventDate "2016.11.11"]
[EventType "team-tourn"]
[EventRounds "9"]
[EventCountry "SLO"]
[SourceTitle "EXT 2018"]
[Source "ChessBase"]
[SourceDate "2017.10.13"]
[SourceVersion "1"]
[SourceVersionDate "2017.10.13"]
[SourceQuality "1"]
[WhiteTeam "Gorenjka Lesce"]
[BlackTeam "Nova Gorica"]
[WhiteTeamCountry "SLO"]
[BlackTeamCountry "SLO"]

1. c4 c5 2. Nf3 Nf6 3. d4 cxd4 4. Nxd4 b6 5. Nc3 Bb7 6. Bg5 d6 7. Bxf6 gxf6 8. e4 e6 9. Qh5 Ke7 10. Be2 Nd7 11. 0-0 a6 12. Rfe1 Qc7 13. Rad1 Qc5 14. Qh3 Qg5 15. Bh5 Ne5 16. Bxf7 Kxf7 17. Qxe6+ Kg6 18. Re3 Bc8 19. Qe8+ Kh6 20. Rg3 Qh5 21. Qd8 Bg7 22. Qxd6 Bg4 23. f3 Rhd8 24. Qe7 Rxd4 25. Rxd4 Nc6 26. fxg4 Qg5 27. Qd6 Nxd4 28. Qxd4 Bf8 29. Qd5 Bc5+ 30. Kf1 Qc1+ 31. Nd1 Qf4+ 32. Rf3 Qxg4 33. Rh3+ 1-0

[Event "SLO-chT1 West"]
[Site "Slovenia"]
[Date "2016.12.10"]
[Round "8"]
[White "Lucovnik, Tilen"]
[Black "Markocic, Tine"]
[Result "1-0"]
[WhiteElo "2041"]
[BlackElo "2061"]
[PlyCount "53"]
[EventDate "2016.11.11"]
[EventType "team-tourn"]
[EventRounds "9"]
[EventCountry "SLO"]
[SourceTitle "EXT 2018"]
[Source "ChessBase"]
[SourceDate "2017.10.13"]
[SourceVersion "1"]
[SourceVersionDate "2017.10.13"]
[SourceQuality "1"]
[WhiteTeam "Komenda"]
[BlackTeam "Nova Gorica"]
[WhiteTeamCountry "SLO"]
[BlackTeamCountry "SLO"]

1. e4 c5 2. c3 d5 3. exd5 Qxd5 4. d4 Nf6 5. Nf3 Bg4 6. dxc5 Qxd1+ 7. Kxd1 e5 8. b4 e4 9. h3 Bh5 10. g4 Nxg4 11. hxg4 Bxg4 12. Nbd2 Nc6 13. Rh4 Bxf3+ 14. Nxf3 exf3 15. Re4+ Be7 16. b5 Nd8 17. c6 bxc6 18. bxc6 Rc8 19. Ba6 Rxc6 20. Bb5 0-0 21. Bxc6 Nxc6 22. Be3 Bf6 23. Kc2 Rc8 24. Rb1 h5 25. Rb5 g6 26. Rc5 Be7 27. Rxc6 1-0

[Event "SLO-chT1 West"]
[Site "Slovenia"]
[Date "2016.11.13"]
[Round "3"]
[White "Markocic, Tine"]
[Black "Bajo, Tin"]
[Result "0-1"]
[WhiteElo "2061"]
[BlackElo "1806"]
[PlyCount "54"]
[EventDate "2016.11.11"]
[EventType "team-tourn"]
[EventRounds "9"]
[EventCountry "SLO"]
[SourceTitle "EXT 2018"]
[Source "ChessBase"]
[SourceDate "2017.10.13"]
[SourceVersion "1"]
[SourceVersionDate "2017.10.13"]
[SourceQuality "1"]
[WhiteTeam "Nova Gorica"]
[BlackTeam "Kocevje Inotherm"]
[WhiteTeamCountry "SLO"]
[BlackTeamCountry "SLO"]

1. e4 e5 2. Bc4 Nf6 3. d3 Bc5 4. Nc3 d6 5. Na4 Bb6 6. Nxb6 axb6 7. f4 exf4 8. Bxf4 Be6 9. Bxe6 fxe6 10. Nf3 e5 11. Bg5 Nc6 12. 0-0 0-0 13. Nh4 Qe7 14. a3 Qe6 15. Nf5 d5 16. Ng3 dxe4 17. Bxf6 Rxf6 18. Rxf6 Qxf6 19. Nxe4 Qf4 20. Qd2 Qg4 21. h3 Qh5 22. Rf1 Nd4 23. Ng3 Qg6 24. Kh2 Rf8 25. Rxf8+ Kxf8 26. Qb4+ Kg8 27. Qe7 Qxg3+ 0-1

[Event "SLO-chT1 West"]
[Site "Slovenia"]
[Date "2016.11.12"]
[Round "2"]
[White "Tratar, Marko"]
[Black "Markocic, Tine"]
[Result "1-0"]
[WhiteElo "2449"]
[BlackElo "2061"]
[PlyCount "77"]
[EventDate "2016.11.11"]
[EventType "team-tourn"]
[EventRounds "9"]
[EventCountry "SLO"]
[SourceTitle "EXT 2018"]
[Source "ChessBase"]
[SourceDate "2017.10.13"]
[SourceVersion "1"]
[SourceVersionDate "2017.10.13"]
[SourceQuality "1"]
[WhiteTeam "Ljubljana Duol"]
[BlackTeam "Nova Gorica"]
[WhiteTeamCountry "SLO"]
[BlackTeamCountry "SLO"]

1. Nf3 Nf6 2. c4 e6 3. g3 b6 4. Bg2 Bb7 5. d4 c5 6. d5 exd5 7. Nh4 Qc8 8. cxd5 d6 9. Nc3 a6 10. e4 g6 11. 0-0 Bg7 12. Bf4 Qd8 13. Qd2 0-0 14. Bh6 Re8 15. Bxg7 Kxg7 16. Rfe1 b5 17. f3 h6 18. a4 Qb6 19. Bf1 b4 20. Nd1 c4+ 21. Ne3 a5 22. Qf2 Nbd7 23. Nxc4 Qc7 24. Qd4 Rac8 25. Ng2 Nc5 26. Nd2 Qe7 27. Bb5 Red8 28. Ne3 Kh7 29. Nec4 Ra8 30. Rec1 Nfd7 31. Re1 Ba6 32. Nxa5 Ne5 33. Nc6 Nxc6 34. Bxc6 Rab8 35. Re3 Rdc8 36. Nb3 Rxc6 37. dxc6 Qc7 38. Nxc5 dxc5 39. Qd7 1-0

[Event "Trieste op 18th"]
[Site "Trieste"]
[Date "2016.09.04"]
[Round "3"]
[White "Markocic, Tine"]
[Black "Zuttioni, Federico"]
[Result "1/2-1/2"]
[WhiteElo "2096"]
[BlackElo "2223"]
[PlyCount "34"]
[EventDate "2016.09.03"]
[EventType "swiss"]
[EventRounds "9"]
[EventCountry "ITA"]
[SourceTitle "CBM 174 Extra"]
[Source "ChessBase"]
[SourceDate "2016.10.10"]
[SourceVersion "1"]
[SourceVersionDate "2016.10.10"]
[SourceQuality "1"]

1. e4 e5 2. Bc4 Nf6 3. d3 c6 4. Nf3 d5 5. Bb3 Bb4+ 6. Bd2 Bxd2+ 7. Nbxd2 Bg4 8. h3 Bxf3 9. Qxf3 0-0 10. 0-0 Qd6 11. Rfe1 Nbd7 12. Nf1 d4 13. Qf5 g6 14. Qg5 Nh5 15. Ng3 Nxg3 16. Qxg3 Kg7 17. Rf1 a5 1/2-1/2

[Event "Trieste op 18th"]
[Site "Trieste"]
[Date "2016.09.03"]
[Round "1"]
[White "Markocic, Tine"]
[Black "Shevchenko, Kirill"]
[Result "0-1"]
[WhiteElo "2096"]
[BlackElo "2438"]
[PlyCount "92"]
[EventDate "2016.09.03"]
[EventType "swiss"]
[EventRounds "9"]
[EventCountry "ITA"]
[SourceTitle "CBM 174 Extra"]
[Source "ChessBase"]
[SourceDate "2016.10.10"]
[SourceVersion "1"]
[SourceVersionDate "2016.10.10"]
[SourceQuality "1"]

1. e4 c5 2. Nf3 d6 3. d4 cxd4 4. Nxd4 Nf6 5. Nc3 a6 6. Be2 e5 7. Nb3 Be7 8. Be3 Be6 9. 0-0 0-0 10. f4 exf4 11. Rxf4 Nc6 12. Nd4 Nxd4 13. Bxd4 Nd7 14. Nd5 Bxd5 15. exd5 Bf6 16. Bxf6 Nxf6 17. Qd4 Nd7 18. Bd3 Ne5 19. Raf1 Rc8 20. Kh1 Qe7 21. Qe4 g6 22. Rf6 Kg7 23. Qh4 Rce8 24. Qf4 Qc7 25. Qd4 Kg8 26. b4 Nd7 27. R6f2 f5 28. c4 Ne5 29. Re2 b6 30. Rc1 f4 31. Be4 Ng4 32. c5 bxc5 33. bxc5 Qa7 34. h3 Ne3 35. Bd3 Rc8 36. Rb2 dxc5 37. Qc3 f3 38. Bf1 Nxf1 39. Rxf1 fxg2+ 40. Kxg2 Rxf1 41. Kxf1 Qf7+ 42. Rf2 Qxd5 43. Kg1 Re8 44. a3 Re5 45. Rd2 Rg5+ 46. Kh2 Qe5+ 0-1

[Event "EU-ch U18 26th"]
[Site "Prague"]
[Date "2016.08.19"]
[Round "2"]
[White "Marek, Matyas"]
[Black "Markocic, Tine"]
[Result "1-0"]
[WhiteElo "2389"]
[BlackElo "2073"]
[PlyCount "71"]
[EventDate "2016.08.18"]
[EventType "swiss"]
[EventRounds "9"]
[EventCountry "CZE"]
[SourceTitle "CBM 174 Extra"]
[Source "ChessBase"]
[SourceDate "2016.10.10"]
[SourceVersion "1"]
[SourceVersionDate "2016.10.10"]
[SourceQuality "1"]

1. e4 c5 2. Nf3 e6 3. d4 cxd4 4. Nxd4 a6 5. c4 Nf6 6. Nc3 Qc7 7. Be2 Nc6 8. 0-0 Nxd4 9. Qxd4 Bd6 10. Kh1 Be5 11. Qd3 Bxc3 12. bxc3 b6 13. Ba3 Bb7 14. f3 d5 15. cxd5 exd5 16. exd5 Nxd5 17. c4 Ne7 18. Qe3 0-0-0 19. Bd3 Nc6 20. Rad1 Kb8 21. Be4 Ne5 22. Bxb7 Kxb7 23. c5 b5 24. Qe4+ Nc6 25. Rd6 Rhe8 26. Qd3 b4 27. Bb2 f6 28. a3 Rxd6 29. cxd6 Rd8 30. Rd1 Qa5 31. axb4 Qxb4 32. Bxf6 Re8 33. Bc3 Qc5 34. d7 Re3 35. d8Q Nxd8 36. Qd7+ 1-0

[Event "EU-ch U18 26th"]
[Site "Prague"]
[Date "2016.08.18"]
[Round "1"]
[White "Markocic, Tine"]
[Black "Percivaldi, Martin"]
[Result "1/2-1/2"]
[WhiteElo "2073"]
[BlackElo "2361"]
[PlyCount "122"]
[EventDate "2016.08.18"]
[EventType "swiss"]
[EventRounds "9"]
[EventCountry "CZE"]
[SourceTitle "CBM 174 Extra"]
[Source "ChessBase"]
[SourceDate "2016.10.10"]
[SourceVersion "1"]
[SourceVersionDate "2016.10.10"]
[SourceQuality "1"]

1. e4 e6 2. d4 d5 3. Nc3 Bb4 4. e5 c5 5. a3 Bxc3+ 6. bxc3 Qa5 7. Bd2 Qa4 8. Be3 c4 9. h4 Nc6 10. Rh3 Nge7 11. h5 h6 12. g4 Bd7 13. Ne2 0-0-0 14. Ng3 Rdf8 15. f4 f5 16. Be2 a6 17. Kd2 Qa5 18. Qb1 Rf7 19. gxf5 Nxf5 20. Nxf5 Rxf5 21. Rg3 Rf7 22. Qb2 Ne7 23. Bg4 Rg8 24. Rag1 Nf5 25. Bxf5 Rxf5 26. Rxg7 Rxg7 27. Rxg7 Rxh5 28. Qb4 Rh2+ 29. Kc1 Qxb4 30. axb4 h5 31. Rh7 h4 32. f5 exf5 33. Bf4 Rh1+ 34. Kd2 Be6 35. Re7 Rf1 36. Bg5 Bd7 37. Bxh4 Rf4 38. Bg3 Re4 39. Rf7 Be6 40. Re7 Bd7 41. Rf7 Rg4 42. Rf8+ Kc7 43. e6+ Rxg3 44. exd7 Rg2+ 45. Kc1 Kxd7 46. Rxf5 Ke6 47. Rh5 Rf2 48. Kb2 Rf7 49. Rh6+ Rf6 50. Rh7 Rf7 51. Rh6+ Kd7 52. Rg6 Kc7 53. Rh6 Rd7 54. Ka3 Rd6 55. Rh7+ Kc6 56. Ka4 Rg6 57. Ka5 Re6 58. Rg7 Rh6 59. Rf7 Rh3 60. Rf6+ Kc7 61. Rf7+ Kc6 1/2-1/2

[Event "Portoroz op 10th"]
[Site "Portoroz"]
[Date "2016.07.24"]
[Round "3"]
[White "Markocic, Tine"]
[Black "Maksimovic, Masa"]
[Result "0-1"]
[WhiteElo "2087"]
[BlackElo "1854"]
[PlyCount "104"]
[EventDate "2016.07.23"]
[EventType "swiss"]
[EventRounds "9"]
[EventCountry "SLO"]
[SourceTitle "CBM 173 Extra"]
[Source "ChessBase"]
[SourceDate "2016.08.29"]
[SourceVersion "1"]
[SourceVersionDate "2016.08.29"]
[SourceQuality "1"]

1. e4 c5 2. Nc3 e6 3. f4 a6 4. Nf3 d5 5. d3 Nc6 6. g3 Nf6 7. e5 Ng8 8. Bg2 Nh6 9. h3 Nf5 10. Ne2 h5 11. 0-0 b5 12. Kh2 Bb7 13. d4 Qb6 14. c3 a5 15. Qd3 Ba6 16. Be3 b4 17. Qd2 Bxe2 18. Qxe2 c4 19. Rfb1 Rb8 20. Nd2 Be7 21. Bf2 Na7 22. a4 Qc7 23. Qf3 b3 24. Kg1 Qd7 25. g4 hxg4 26. hxg4 Nh4 27. Bxh4 Rxh4 28. f5 Bg5 29. fxe6 fxe6 30. Rf1 Qe7 31. Nb1 Kd7 32. Na3 Rhh8 33. Qe2 Rbf8 34. Nb5 Rxf1+ 35. Qxf1 Rf8 36. Qe2 Nc8 37. Bf3 Bf4 38. Kg2 Qh4 39. Qf2 Rh8 40. Kf1 Qg5 41. Qe2 Rh2 42. Bg2 Rh4 43. Bf3 Rh2 44. Bg2 Be3 45. Qf3 Qf4 46. Qxf4 Bxf4 47. Kf2 Be3+ 48. Kg3 Bf4+ 49. Kf2 Ne7 50. Rf1 g5 51. Kg1 Ng6 52. Rxf4 Rxg2+ 0-1